000 00740nam a22002057a 4500
999 _c15494
_d15494
003 AR-CdUCM
008 190427b ||||| |||| 00| 0 spa d
040 _aMUNICIPALIDAD PROVINCIAL DEL CUSCO
_cBIBLIOTECA MUNICIPAL DEL CUSCO
082 _a150 /
_bD61 / 1948
100 _aDelgado, Honorio
_927645
245 _aEcología, tiempo anímico y existencia /
260 _aBuenos Aires :
_bLosada,
_c1948.
300 _a178 paginas ;
_c20 cm.
440 _aBiblioteca filosófica
_915046
505 _aContenido :Psicología y ecología --El tiempo y la vida anímica --La filosofía de la existencia según Karl Jaspers /
650 _aPsicologia
_91538
650 _aReligión
_91195
942 _2ddc
_cLIBROS
945 _arjall
_d2019-04-27